| 000 | 00329nam a22001217a 4500 | ||
|---|---|---|---|
| 082 |
_a526.9054 _bIND _cL-tech, P-103 |
||
| 100 |
_aGovt. of India _942378 |
||
| 245 |
_aIndian statutory commision vol-II _cGovt. of India |
||
| 300 | _ax,344p,: | ||
| 526 |
_a0 _b0 _c0 _d526_905400000000000_IND |
||
| 650 |
_aMCE _9379 |
||
| 942 |
_2ddc _cBK |
||
| 999 |
_c552683 _d552683 |
||